000 00930nam a2200241Ii 4500
003 JO-AjNU
008 230605s9999||||xx |||||||||||||| ||und||
017 _a2006/11/3639
020 _a9957-36-162-7
040 _aJO-AjNU
_bara
_erda
_cJO-AjNU
041 _aara
050 1 4 _aLB1051 2007
100 3 _aالعريمي،أيمن,
_eauthor
_920669
245 0 0 _aكيف تؤثر في الآخرين وتحصل على مطالبك:سلسلة ضبط النفس والتعامل مع الآخرين
250 _aط1
264 3 1 _aعمان:دار الأسرة،2007
300 _a80ص
336 _atext
_btxt
_2rdacontent
337 _aunmediated
_bn
_2rdamedia
338 _avolume
_bnc
_2rdacarrier
490 0 _aسلسلة ضبط النفس والتعامل مع الآخرين
650 4 _aالعلاقات الإنسانية-جوانب نفسية. علم النفس الاجتماعي-النجاح الشخصي
_920670
999 _aA7047
_c10615
_d10615